MARC

LEADER 00000nam0a2200000 4500
001 126105
005 20231031131726.0
020 |a RU  |b 85-61823 
035 |a (RuTPU)RU\TPU\book\136432 
090 |a 126105 
100 |a 20071123d1984 k a0rusy5003 ca 
101 0 |a rus 
102 |a RU 
105 |a a z 001zy 
200 1 |a Повышение эффективности добычи нефти  |e сборник научных трудов  |f СевКавНИПИнефть ; гл. ред. Э. В. Соколовский 
210 |a Грозный  |c Севкавнипинефть  |d 1984 
215 |a 101, 6 с.  |d 22 см 
225 1 |a Труды Северо-Кавказского государственного научно-исследовательского и проектного института нефтяной промышленности  |v Вып. 40 
320 |a Библиогр. в конце ст. 
610 1 |a нефть 
610 1 |a нефтедобыча 
610 1 |a эффективность 
610 1 |a глубокозалегающие трещиноватые коллекторы 
610 1 |a нефтеотдача 
610 1 |a промысловые нефтегазопроводы 
610 1 |a реагенты-деэмульгаторы 
610 1 |a глубокие скважины 
610 1 |a научные статьи 
675 |a 622.276:658  |z rus 
702 1 |a Соколовский  |b Э. В.  |g Эдуард Владимирович  |4 340 
712 0 2 |a Северо-Кавказский государственный научно-исследовательский и проектный институт нефтяной промышленности (СевКавНИПИнефть)  |2 stltpush  |3 (RuTPU)RU\TPU\col\12442 
801 0 |a RU  |b RuMRKP  |c 19950704  |g psbo 
801 1 |a RU  |b 63413507  |c 20071123  |g PSBO 
801 2 |a RU  |b 63413507  |c 20080401  |g PSBO 
942 |c BK